Paroles "Mes amis de l'au-delà" (La princesse et la grenouille) - Statistiques

Statistiques générales
  • Ce quiz a été pris 248 fois
  • Le résultat moyen est 287 sur 378
Statistiques - réponses
Paroles % Correct
de
100%
me
100%
à
99%
a
99%
amis
99%
amis.
99%
amis,
99%
la
98%
ma
98%
mes
98%
pas
98%
pas.
98%
Et
97%
et
97%
l'au-delà.
96%
l'au-delà.)
96%
le
96%
mon
96%
Mon
96%
viennent
96%
les
95%
Les
95%
Ne
95%
ne
95%
petit.
95%
petit
95%
te
95%
as
93%
Ce
92%
ce
92%
Je
92%
je
92%
que
92%
Que
92%
es
90%
ta
90%
tu
90%
Tu
90%
un
90%
du
88%
en
88%
petite
88%
une
88%
vous
88%
Vous
88%
dans
87%
Dans
87%
mère.
87%
mère,
87%
moi
87%
moi.
87%
sera
87%
fait
86%
fait,
86%
rêvé
86%
(Ses
86%
si
86%
Toi
86%
toi
86%
toi ?
86%
passé,
85%
trois
85%
trois.
85%
avenir
84%
avenir,
84%
mais
84%
Mais
84%
cartes,
83%
cartes
83%
papa
82%
Papa
82%
votre
82%
futur
81%
présent
81%
au
80%
vois
79%
blindé.
78%
il
78%
manque
78%
n'est
78%
poupée
78%
respect,
78%
soit
78%
ton
78%
été
77%
par
77%
soeur,
77%
erreur
76%
frère.
76%
vert,
76%
vert.
76%
cou.
75%
exploité.
75%
Exploité
75%
J'ai
75%
monumentale.
75%
confiance.
74%
toujours
74%
cher.
73%
faudrait
73%
serait
73%
bras.
72%
chance.
72%
Faites
72%
femme
72%
t'as
72%
(T'as
72%
coupé
71%
fauché.
71%
jour
71%
révèlent,
71%
là-bas,
70%
royaume
70%
royauté.
70%
tend
70%
vivres
70%
lire
69%
longue
68%
marié,
68%
peux
68%
plus
68%
avez
67%
beau
67%
côté
67%
devenir.
67%
viens
67%
conscience.
66%
conscience
66%
étais
66%
l'avenir,
66%
pour
66%
Pour
66%
sang
66%
avec
65%
grâce
65%
Grâce
65%
n'est-ce
65%
traversée,
65%
Venez
65%
modifier
64%
peut-être
64%
rien.
64%
royal
64%
l'homme
63%
vite
63%
Asseyez-vous
62%
glisser
62%
goût.
62%
n'y
62%
prenez-en
62%
bilan
61%
découvrir
61%
rêves
61%
vos
60%
des
59%
fous.
59%
main,
59%
main
59%
billets
58%
corde
58%
fois
58%
grand
58%
hein
58%
quels.
58%
tels
58%
tout
58%
moi-même
57%
Faut
56%
faut
56%
totale.
56%
totale.)
56%
Transformation
56%
(Transformation
56%
d'un
55%
plongeant
55%
seulement
55%
change,
54%
change
54%
pauvre
53%
sens ?
53%
serrez
53%
lignées
52%
mènes
52%
pécheur.
52%
playboy ?
52%
prêts ?
52%
prêts ?)
52%
Louisiane,
51%
simple
51%
explorer
50%
numéro
50%
Oui.
50%
cabaret,
49%
Est-ce
49%
sans
49%
deux
48%
Etes-vous
48%
(Etes-vous
48%
verts.
48%
abracadabras !
47%
Détendez-vous
47%
J'espère
47%
passer
47%
train
47%
cas
45%
l'écho,
45%
veux
45%
ville
45%
ville,
45%
Accuse
44%
aimeras.
44%
être
44%
bague
43%
contraire,
43%
doigt,
43%
bagou,
42%
plutôt
42%
m'accuse
41%
libre
39%
libre,
39%
bondir
38%
Lawrence ?
38%
chers
34%
eu
33%
transfiguration
33%
comme
32%
voulais,
32%
l'air,
31%
Serrez-moi
30%
Rénovation
25%
(Rénovation
25%
traditions
25%
qui
18%
t'avais)
18%
voodoo,
18%
Chut...
12%
t'exploitrait.
12%
pesses
1%
Aucun quiz correspondant
Distribution des résultats
% des personnes avec chaque résultat
Percentile par nombre de réponses
Votre historique - résultats
Vous n’avez pas pris ce quiz